000
00225nam a2200085Ia 4500
245
0
_a
The great big friend hunt
100
_a
RAY, Hannah London, 2004
_9
79112
942
_c
BK
008
210819s9999 xx 000 0 und d
999
_c
274855
_d
274854